00241nam a22001097a 4500003000400000020002300004082001700027100001600044245005400060260000900114300000800123SGT a978-1-84091-728-11 a746.92bF73J aJONES, DAN  aFIFTY MEN'S FASHION ICONS THAT CHANGED THE WORLD  c1973 a160